<?xml version="1.0" encoding="UTF-8"?><?xml-stylesheet type="text/xsl" href="static/style.xsl"?><OAI-PMH xmlns="http://www.openarchives.org/OAI/2.0/" xmlns:xsi="http://www.w3.org/2001/XMLSchema-instance" xsi:schemaLocation="http://www.openarchives.org/OAI/2.0/ http://www.openarchives.org/OAI/2.0/OAI-PMH.xsd"><responseDate>2026-06-01T19:48:16Z</responseDate><request verb="GetRecord" identifier="oai:riuma.uma.es:10630/41358" metadataPrefix="marc">https://riuma.uma.es/rest/oai/request</request><GetRecord><record><header><identifier>oai:riuma.uma.es:10630/41358</identifier><datestamp>2026-02-03T12:20:41Z</datestamp><setSpec>com_10630_2254</setSpec><setSpec>col_10630_37959</setSpec></header><metadata><record xmlns="http://www.loc.gov/MARC21/slim" xmlns:dcterms="http://purl.org/dc/terms/" xmlns:doc="http://www.lyncode.com/xoai" xmlns:xsi="http://www.w3.org/2001/XMLSchema-instance" xsi:schemaLocation="http://www.loc.gov/MARC21/slim http://www.loc.gov/standards/marcxml/schema/MARC21slim.xsd">
   <leader>00925njm 22002777a 4500</leader>
   <datafield ind2=" " ind1=" " tag="042">
      <subfield code="a">dc</subfield>
   </datafield>
   <datafield ind2=" " ind1=" " tag="720">
      <subfield code="a">Zumaquero-Gil, Laura</subfield>
      <subfield code="e">author</subfield>
   </datafield>
   <datafield ind2=" " ind1=" " tag="260">
      <subfield code="c">2025</subfield>
   </datafield>
   <datafield ind2=" " ind1=" " tag="520">
      <subfield code="a">Access to land is one of the biggest problems faced by farmers when they want to enter this sector. Hence the importance of analysing this issue in order to adopt appropriate measures to facilitate access. Among all these measures, this paper addresses the issue of access to land from a regulatory perspective, analysing the regulation of the various legal instruments in Spanish law that allow access to land, whether under a regime of ownership or individual or shared use. The classic mechanisms for access to land are analysed, as well as new models of access that are being implemented very successfully in some Autonomous Communities. In turn, proposals are made to improve this regulation in order to facilitate access to land and its mobilisation, as well as the consolidation of existing agricultural holdings. Furthermore, the generational renewal policies that Spain is implementing in this area are presented and analysed, and some measures are proposed that we believe could facilitate access to land for young farmers.</subfield>
   </datafield>
   <datafield ind1="8" ind2=" " tag="024">
      <subfield code="a">https://hdl.handle.net/10630/41358</subfield>
   </datafield>
   <datafield tag="653" ind2=" " ind1=" ">
      <subfield code="a">Derecho agrario</subfield>
   </datafield>
   <datafield ind2="0" ind1="0" tag="245">
      <subfield code="a">Land access mechanisms: current situation in Spain and new perspectives.</subfield>
   </datafield>
</record>
</metadata></record></GetRecord></OAI-PMH>